| 000 | 00593nam a2200193 i 4500 | ||
|---|---|---|---|
| 001 | 29156 | ||
| 003 | ES-MaACL | ||
| 005 | 20251003063043.0 | ||
| 007 | t| | ||
| 008 | 030121q1891 sp ||||1| spa d | ||
| 100 | 1 |
_aBarbey d'Aurevilly, Jules Amédée, _d1808-1889 _925447 |
|
| 245 | 1 | 3 |
_aEl cabecilla Destuches / _cJules Amadée Barley d'Aurevilley. |
| 260 |
_aMadrid : _b[s.n., _c1891] _f(Imp. de la España Moderna) |
||
| 300 |
_a278 p. ; _c17 cm. |
||
| 655 | 0 |
_9234459 _aNovelas de acción y aventuras |
|
| 852 |
_aES-MaACL _jA-4696 |
||
| 942 | _2udc | ||
| 999 |
_c29156 _d29156 |
||